Tragedias, poesías y obras varias de Alejandro Manzoni / (Record no. 158662)

MARC details
000 -LEADER
campo de control de longitud fija 00809nam a2200205 i 4500
001 - NÚMERO DE CONTROL
campo de control 158662
003 - IDENTIFICADOR DE NÚMERO DE CONTROL
campo de control ES-MaACL
005 - FECHA Y HORA DE LA ÚLTIMA TRANSACCIÓN
campo de control 20230906211248.0
008 - DATOS DE LONGITUD FIJA--INFORMACIÓN GENERAL
campo de control de longitud fija 940301s1891 sp |||| | spa d
040 ## - FUENTE DE CATALOGACIÓN
Centro catalogador/agencia de origen AS
Lengua de catalogación spa
100 0# - ENTRADA PRINCIPAL--NOMBRE DE PERSONA
Nombre de persona Manzoni, Alessandro.
9 (RLIN) 76238
245 10 - MENCIÓN DEL TÍTULO
Título Tragedias, poesías y obras varias de Alejandro Manzoni /
Mención de responsabilidad, etc. traducidas directamente del italiano por Federico Baráibar y Zumárraga.
260 ## - PUBLICACIÓN, DISTRIBUCIÓN, ETC.
Lugar de publicación, distribución, etc. Madrid :
Nombre del editor, distribuidor, etc. Librería de la Viuda de Hernando y C\sa\p,
Fecha de publicación, distribución, etc. 1891 (
Fabricante Est. tip. Suc. de Rivadeneyra)
300 ## - DESCRIPCIÓN FÍSICA
Extensión 2 v. (XLVII, 338; 401 p.) ;
Dimensiones 18 cm.
490 1# - MENCIÓN DE SERIE
Mención de serie Biblioteca clásica ;
Designación de volumen o secuencia 150, 151
700 1# - ENTRADA AGREGADA--NOMBRE PERSONAL
Nombre de persona Baráibar y Zumárraga, Federico.
9 (RLIN) 25291
830 0# - PUNTO DE ACCESO ADICIONAL DE SERIE-TÍTULO UNIFORME
Título uniforme Biblioteca clásica ;
Designación de volumen o secuencia 150, 151
9 (RLIN) 180370
852 ## - LOCALIZACIÓN
Ubicación ES-MaACL
Número de control de estantería F-13148-49
Nota libre -- Enc. tela
Holdings
Estatus retirado Estado de pérdida Estado de daño No para préstamo Colección Biblioteca de origen Biblioteca actual Ubicación en estantería Fecha de adquisición Total de préstamos Signatura topográfica completa Código de barras Visto por última vez Precio de reemplazo Tipo de ítem Koha
        Libros del s. XIX Biblioteca del Ateneo de Madrid Biblioteca del Ateneo de Madrid Sala Pecera Planta 2 17/01/2008   F-13148-49 1166070 23/02/2023 23/02/2023 Libro impreso antiguo